Statistiques concernant Préfectures françaises les plus peuplées

Cliquez ici pour prendre le quiz!

Statistiques générales

  • Ce quiz a été pris 156 fois
  • Le résultat moyen est 26 sur 31

Statistiques - réponses

Population (2015)Préfecture% Correct
2,206,000Paris
100%
861,000Marseille
98%
513,000Lyon
97%
342,000Nantes
97%
277,000Strasbourg
97%
471,000Toulouse
97%
342,000Nice
96%
249,000Bordeaux
94%
215,000Rennes
93%
232,000Lille
92%
110,000Rouen
91%
277,000Montpellier
90%
155,000Dijon
88%
160,000Grenoble
88%
151,000Angers
86%
117,000Metz
85%
167,000Toulon
83%
141,000Clermont-Ferrand
80%
105,000Nancy
80%
171,000Saint-Etienne
78%
136,000Tours
78%
106,000Caen
77%
114,000Orléans
77%
132,000Amiens
76%
133,000Limoges
74%
150,000Nîmes
73%
143,000Le Mans
68%
121,000Perpignan
68%
116,000Besançon
66%
125,000Annecy
54%
146,000Saint-Denis (Réunion)
52%

Distribution des résultats

Percentile par nombre de réponses

% des personnes avec chaque résultat

Votre développement - résultats

Vous n’avez pas pris ce quiz